000 02078cam a22005174i 4500
003 PE-LiUPU
005 20250731184529.0
008 150623s r 000 0 d
020 _a0931464498
035 _a(Sirsi) i9780931464492
040 _aPE-LiUPU
_bspa
_cPE-LiUPU
_erda
049 _aPRUA
082 0 4 _a939.4
_bE33
_221
245 0 0 _aEblaitica :
_bessays on the Ebla archives and Eblaite language /
_ceditado por Cyrus H. Gordon, Gary A. Rendsburg, Nathan H. Winter.
264 1 _aWinona Like, Indiana :
_bEisenbrauns,
_c1990.
300 _a163 páginas ;
_c26 centímetros
336 _atext
_2rdacontent
337 _aunmediated
_2rdamedia
338 _avolume
_2rdacarrier
490 0 _aPublications of the Center for Ebla Research at New York University
505 0 _aThe importance of Ebla for history and linguistics. -Zwölf Jahre Ebla: versuch einer Bestandsaufnahme. -Ebla and the Gods of Canaan. -Monophthongization of aw/ay a in Eblaite and in Northwest Semitic. -Eblaite and Northwest Semitic. -In memorian : Claude Frederic Schaeffer (1898-1982). -A response to W.G. Lambert. -Corrigenda et Addenda to Eblaitica 1. Index.
526 _aP136
526 _aP135
526 _aP134
526 _aP133
526 _aP144
526 _aP143
526 _aP87
526 _aP35
526 _aP20
526 _aP14
526 _aP10
526 _aP06
650 0 4 _aEbla (Ciudad desaparecida).
650 0 4 _aLengua Eblaita.
650 0 4 _aTablillas para escribir
_zEbla (Ciudad desaparecida).
700 1 _aGordon, Cyrus H.,
_eed.
700 1 _aRendsburg, Gary A.,
_eed.
700 1 _aWinter, Nathan H.,
_eed.
942 _2ddc
_cBOOK
949 _a939.4 E33
_wDEWEY
_c1
_i44852
_lCCODEBUL1
_mBUL
_r0
_sY
_tBOOK
_u2015-6-24
_xTEOLOGIA
_PP35
_0COMPRA
_o.STAFF. Colección General
994 _aC0
_bPEPRU
596 _a1
999 _a939.4 E33
_wDEWEY
_c21726
_i44852
_f2021-11-11
_g5
_lCCODEBUL1
_mBUL
_r0
_sY
_tBOOK
_u2015-6-24
_xTEOLOGIA
_PP35
_0COMPRA
_o.STAFF. Colección General
_d21726
980 _81
_gALBERTO SANCHEZ Responsable de Automatización